The veterinary clinics of North America" small animal practice

Đã lưu trong:
Sonraí Bibleagrafaíochta
Príomhúdar: Withrow, Stephen J.
Formáid: Leabhar
Teanga:Undetermined
Foilsithe: Philadelphia Saunders 1980
Ábhair:
Clibeanna: Cuir Clib Leis
Gan Chlibeanna, Bí ar an gcéad duine leis an taifead seo a chlibeáil!
Thư viện lưu trữ: Trung tâm Học liệu Trường Đại học Cần Thơ
LEADER 00558nam a2200193Ia 4500
001 CTU_126151
008 210402s9999 xx 000 0 und d
082 |a 636.089705 
082 |b W822/Vol.10/No.4 
100 |a Withrow, Stephen J. 
245 4 |a The veterinary clinics of North America" 
245 0 |b small animal practice 
245 0 |c Stephen J. Withrow 
260 |a Philadelphia 
260 |b Saunders 
260 |c 1980 
650 |a Veterinary surgery,Cryosurgery 
904 |i Nguyên 
980 |a Trung tâm Học liệu Trường Đại học Cần Thơ